| 000 | 00988nam1a22002171i 4500 | ||
|---|---|---|---|
| 001 | rc\189862 | ||
| 005 | 20260406174614.0 | ||
| 035 | _a(NLR Aleph) 005619774 | ||
| 090 |
_a6485598 _c6485598 |
||
| 100 | _a20030307d1996 u |0rusy50 ca | ||
| 101 | 0 | _arus | |
| 102 | _aRU | ||
| 105 | _ay ||||||||| | ||
| 200 | 1 |
_aМатериалы Совещания с руководящим составом Министерства внутренних дел Российской Федерации (8.06-14.06.1996 г.) _fРесп. ин-т повышения квалификации работников |
|
| 210 |
_aДомодедово _cРИПК МВД России _d1996 |
||
| 215 | _d20 | ||
| 710 | 0 | 1 |
_aРоссийская Федерация _bМинистерство внутренних дел _bСовещание с руководящим составом _f1996 _3RU\NLR\AUTH\889942689 _9380371 |
| 801 | 0 |
_aRU _bNLR _gpsbo |
|
| 801 | 1 |
_aRU _bELAR _2rusmarc |
|
| 852 |
_aNLR _j96-50К/68 |
||
| 942 | _cBOOK | ||